| 000 | 00356nam a2200133Ia 4500 | ||
|---|---|---|---|
| 005 | 20260328101521.0 | ||
| 008 | 260328s9999||||xx |||||||||||||| ||und|| | ||
| 100 | _aFarrelly, Lorraine | ||
| 245 | 0 |
_aRepresentational techniques / _cLorraine Farrelly |
|
| 260 | _bAVA Publishing | ||
| 300 | _a176 p. | ||
| 650 | _aREPRESENTACIÓN ARQUITECTÓNICA | ||
| 942 | _cBK | ||
| 999 |
_c9615 _d9615 |
||